[Event "BIH-chT"]
[Site "Neum"]
[Date "2004.06.02"]
[Round "5.2"]
[White "Ivanisevic, Ivan"]
[Black "Nikolic, Predrag"]
[Result "0-1"]
[WhiteElo "2550"]
[BlackElo "2648"]
[Annotator "Atlas,V"]
[PlyCount "76"]
[EventDate "2004.05.29"]
[EventType "team"]
[EventRounds "9"]
[EventCountry "BIH"]
[SourceTitle "CBM 102"]
[Source "ChessBase"]
[SourceDate "2004.09.23"]
[SourceVersion "1"]
[SourceVersionDate "2004.09.23"]
[SourceQuality "1"]
[WhiteTeam "Sokolac"]
[BlackTeam "Kiseljak"]
[WhiteTeamCountry "BIH"]
[BlackTeamCountry "BIH"]

1. e4 e6 2. d4 d5 3. Nc3 Bb4 4. Nge2 dxe4 5. a3 Be7 6. Nxe4 Nf6 7. Qd3 Nxe4 8.
Qxe4 Qd5 9. Qg4 O-O 10. Nc3 Qd8 11. Bh6 Bf6 12. O-O-O e5 13. Qg3 exd4 14. Ne4
Bf5 15. Nxf6+ Qxf6 16. Bg5 Qg6 17. Rxd4 Nc6 18. Rd2 Rfe8 19. Be3 Qe6 20. Kb1
Ne5 21. Bd4 Bg6 22. Bc3 c5 23. h4 f6 24. Bb5 Red8 25. Rhd1 Rxd2 26. Rxd2 a6 27.
Be2 Re8 28. Qf4 b5 29. h5 Bf7 30. b3 h6 31. g4 Qc6 32. Qg3 c4 33. f4 Nd7 34. g5
$2 ({Essential was Erforderlich war} 34. b4 {, and White retains good
attacking prospects. The text move yields Black a very dangerous initiative.
wonach Weiß gute Angriffsaussichten behält. Der Textzug überlässt Schwarz eine
brandgefährliche Initiative.}) 34... hxg5 35. fxg5 cxb3 36. cxb3 fxg5 37. Kb2
Nf6 38. Qxg5 $2 ({Allows Black to conclude the game with a nice "petite
combinaison". Somewhat more stubborn was Erlaubt Schwarz, die Partie mit einer
hübschen "petite combinaison" zu beenden. Etwas hartnäckiger war} 38. Bd4) {
[%tqu "En","Black concluded the game with an elegant petite combination. Can
you find it?","Watch out for geometrical motifs!","Sacrifice your queen!",
"c6c3","This is a nice touch!",3,"De","Schwarz beendete die Partie mit einer
eleganten kleinen Wendung. Sehen Sie welche?","Achten Sie auf geometrische
Motive!","Opfern Sie die Dame!","c6c3","Einfach, aber nett!",3]} 38... Qxc3+ $1
{[%csl Rb2,Gc3,Gf6,Rg5][%cal Gf6e4]} (38... Qxc3+ $1 {A remarkable game
conlusion. White resigned in view of Simpel, aber wirkungsvoll. Weiß gab auf,
denn es folgt} 39. Kxc3 Ne4+) 0-1

[Event "AUT-chT 9697"]
[Site "Austria"]
[Date "1996.??.??"]
[Round "9"]
[White "Brestian, Egon"]
[Black "Chernin, Alexander"]
[Result "0-1"]
[WhiteElo "2450"]
[BlackElo "2595"]
[Annotator "Balinov,I"]
[PlyCount "56"]
[EventDate "1996.??.??"]
[EventType "team"]
[EventRounds "11"]
[EventCountry "AUT"]
[SourceTitle "CBM 057 Extra"]
[Source "ChessBase"]
[SourceDate "1997.05.01"]
[SourceVersion "1"]
[SourceVersionDate "1997.05.01"]
[SourceQuality "1"]

1. e4 e6 2. d4 d5 3. Nc3 Bb4 4. Nge2 Nc6 5. a3 Ba5 6. Be3 Nf6 7. e5 Ng4 8. b4 (
8. Bc1 $5) (8. Bf4 f6 9. h3 fxe5) 8... Bb6 9. Na4 Qh4 10. Ng3 (10. g3 Nxe3 11.
fxe3 Qe4 $17) 10... O-O 11. Be2 Nxe3 12. fxe3 f6 13. Nxb6 axb6 14. O-O Qg5 15.
exf6 (15. Qd3 fxe5 16. Rxf8+ Kxf8 $17) 15... Qxe3+ 16. Kh1 g6 17. Bd3 Qxd4 18.
f7+ Kh8 19. Qc1 Qg7 20. Qg5 Bd7 21. Rf6 Rxf7 22. Rxf7 Qxf7 23. Rf1 Qg7 24. h4
Ne7 25. h5 Nf5 26. Bxf5 gxf5 27. Qh4 h6 28. Rf3 Rg8 0-1

[Event "Sigeman & Co 15th"]
[Site "Malmo"]
[Date "2007.04.20"]
[Round "3"]
[White "Hector, Jonny"]
[Black "Berg, Emanuel"]
[Result "0-1"]
[WhiteElo "2537"]
[BlackElo "2574"]
[Annotator "Berg,E"]
[PlyCount "142"]
[EventDate "2007.04.18"]
[EventType "tourn"]
[EventRounds "9"]
[EventCountry "SWE"]
[EventCategory "13"]
[SourceTitle "CBM 118"]
[Source "ChessBase"]
[SourceDate "2007.05.31"]
[SourceVersion "1"]
[SourceVersionDate "2007.05.31"]
[SourceQuality "1"]

1. e4 e6 2. d4 d5 3. Nc3 Bb4 4. Qd3 $5 {A very unusual move in the French
Winawer, which I have never met before. Hector decided to surprise me with one
of his old moves. However he also played it against Pontus Carlsson in Sigeman
Chess Tournament 2006. In any case, on this occasion I came well prepared and
this move was almost was I expected him to play.} Ne7 {A solid developing move,
preparing for short castling.} 5. Bd2 (5. Bg5 {is more common in order to
provoke ...f6 from Black.}) 5... Nd7 $5 {An interesting move that only has
been played in a few games before. The idea is to prepare for ...c7-c5 and
also in some variation jump forward to f6 after a pawn exchange in the centre.}
6. O-O-O O-O 7. a3 ({In case of} 7. Nf3 {Black continues with} c5) 7... Bxc3 8.
Bxc3 dxe4 9. Qxe4 Nf6 10. Qe5 {Here my opponent deviated from my preparation.
I had looked at both 10.Qd3 and 10.Qf3 right before the game. The idea of this
move is to provoke ...Ng6 and then to return with the queen in order to play
h4-h5 with attacking chances. After some thought I decided to go for it anyway.
} Ng6 ({Perhaps it was slightly better to play} 10... Nc6 {with the same
intentions as in the game. Here the knight looks a bit better placed than on
g6.}) 11. Qe1 Qd5 $1 {The queen takes very nice control and has a few
assignments. For the first, it stops White from developing his light-squared
bishop. Secondly the h5-square is covered in case White should try to push
h4-h5. Moreover there is also the idea of putting the queen on a2 at some
stage, annoying the white king quite a lot.} 12. h4 $5 {White has no immediate
threats, but by playing this move he prepares to meet ...Qa2 with h5 and also
makes it possible to develop his kings bishop to e2 as then the g2 pawn will
be poisoned as Bf3 will trap the queen.} Rd8 {With this move Black prepares to
answer 13.Be2 with ...Qa2 with a strong attack.} ({Also the immediate} 12...
Qa2 {was interesting, but here White has counterplay with} 13. h5 Nf4 14. h6 g6
{and here there is the interesting, but not fully necessary pawn sac} 15. b3 $5
Qxa3+ 16. Bb2 Qd6 17. Nf3 {with compensation for the sacrificed pawn.}) 13. Nf3
({On} 13. Be2 {there will follow} Qa2 $1 14. h5 (14. Bf3 {can be answered by}
h5 $1 {first to stop White's counterplay. Then Black may continue his own
attack with for instance ...e5 to open up the d-file. White seems to be in a
rather uncomfortable situation and probably he will need to give up a pawn by
playing b3 sooner or later.}) 14... Ne4 15. b3 ({If White tries to keep the
pawn on a3 by playing} 15. b4 {he will have serious weaknesses after} Nf4 16.
Bf3 Nd6 {with a favourable position for Black.}) 15... Nxc3 16. Qxc3 Qxa3+ 17.
Kb1 Ne7 {Black has an extra pwan and is slightly better. If White tries to
regain the pawn by means of} 18. Qxc7 {he will run into serious trouble after}
Nc6 $1 {with a clear advantage to Black as the queen now has been tricked away
from the defence of her Majesty on b1. Now there is the immediate threat of ...
e5 followed by ...Rd7 trapping the queen.}) 13... b6 {Black prepares the
development of his bishop, but also ...a7-a5 with the idea to exchange the
light-squared bishops.} 14. b3 (14. Ne5 {was a possible alternative after
which Black s best most likely is} Nxe5 15. dxe5 Qxd1+ 16. Qxd1 Rxd1+ 17. Kxd1
Ne4 {with a balanced position.}) 14... Bb7 15. Bc4 ({Also the immediate} 15. h5
$5 {was interesting.} {After} Nxh5 16. Bc4 Qf5 17. Bd3 Qf4+ 18. Kb1 (18. Bd2
Qg4) 18... Bxf3 19. gxf3 Nf6 {Black is a pawn up, but White has compensation
in the pair of bishops and attacking-chances along the g- and h-files.}) 15...
Qd6 {Black could win a pawn in several ways here, but this looked like the
safest one to me.} (15... Qh5 {is rather risky. There might follow} 16. Ng5 Nf4
17. f3 Nxg2 18. Qd2 Nxh4 19. Qf4 h6 20. Nxe6 Qxf3 21. Qxf3 Nxf3 22. Nxd8 Rxd8 {
with an unbalanced position that is very hard to assess.}) (15... Qf5 16. h5 $5
{see 15.h5!?}) 16. h5 ({After} 16. Kb2 {there is} Nf4 17. Bb4 Nxg2 $1) 16...
Nf4 17. Ne5 (17. Bb4 Nxg2 $1) 17... Qxa3+ 18. Bb2 Qe7 19. g3 $5 {White gives
away an exchange, but in reality it's just a temporary sacrifice.} (19. h6 {
would have been worth a try, but I doubt that White has enough compensation
after} Nxg2 20. Qg1 g6 21. d5 Nf4 22. dxe6 Rxd1+ 23. Qxd1 Nxe6 24. Re1 Rd8 25.
Qe2 Bd5 {and Black is two pawns to the good. White's chanses rest on the
bishop-diagonal a1-h8, but Black should have enough resources to defend.})
19... Bxh1 (19... N4xh5 20. Rh4 {gives White very nice compensation for the
two pawns.}) 20. Qxh1 N4d5 21. h6 $5 {This is a very "Hector-like" move,
trying to complicate as much as possible. After} (21. Nc6 Qd7 22. Nxd8 Rxd8 {
Black is clearly better as the natural} 23. h6 {now doesn't work because of}
Ng4 $1 {with doubble threats against h6 and f2.}) 21... g6 (21... Qf8 {was
also interesting with the idea to keep the exchange. Black is clearly better
even here, but White has good practical chances.} 22. hxg7 Qxg7 23. Bb5 (23.
Bd3)) 22. Be2 $5 {White continues to complicate matters. The best was probably
to play 22.Nc6 winning back the exchange with a slightly worse position.} Nd7
$2 {Here Black looses a big part of his advantage.} ({Better was} 22... Ne8 {
with the idea} 23. Nc6 Qg5+ 24. Kb1 Rd6) 23. Nc6 Qg5+ 24. Kb1 Re8 25. c4 N5f6 (
25... Ne7 $2 {is bad in view of} 26. f4 Qf6 27. d5 Qf5+ 28. Bd3 Qh5 29. Qxh5
gxh5 30. dxe6 Nc5 31. exf7+ Kxf7 32. Ne5+ Kg8 33. Bc2 {giving White a clear
advantage thanks to his very nice pair of bishops and Blacks destroyed pawn
structure in front of his king.}) 26. Ne7+ $1 {A nice move with the point of
controlling the f5-square for the black queen.} Kf8 $2 {A very dangerous move
that could have cost me dearly.} (26... Rxe7 27. Qxa8+ Re8 28. Qxa7 {leads to
double-edged play. Perhaps Black has somewhat better chances after} b5 $5 29.
Qxc7 bxc4 30. bxc4 Qf5+ 31. Bd3 Qxf2 {but in any case the material is balanced
and there a lot to play for.}) 27. Bc1 $2 {A crucial mistake. Here White had
the chance to take over the initiaitve with} (27. Ba3 $1 Qa5 (27... c5 $2 {
loses to} 28. Bc1 {[%csl Rg5] winning the queen. Black can fight on with} Qxc1+
29. Kxc1 Kxe7 {but after} 30. g4 $1 {followed by g5 White is winning.}) 28.
Nxg6+ Kg8 29. Ne7+ Kh8 30. Kb2 {Here White has a very promising position with
full compensation for the sacrificed exchange.}) 27... Qa5 28. Nc6 Qf5+ 29. Bd3
Qh5 $1 (29... Qxf2 $2 30. Bf4 {and the queen will get trapped by Rd2 on the
next move.}) 30. Qxh5 ({White becomes passive after} 30. Qe1 Qf3 (30... Kg8 {or
}) 31. Ba3+ Kg8 32. Ne7+ Kh8 33. Qe2 Qxe2 34. Bxe2 Ne4 (34... c5 35. Bf3) 35.
Kc2 f5 36. Bf3 c5 37. Nc6 Nxf2 38. Rf1 Nh3 39. Bc1 g5 {and the game is in the
hands of Black.}) 30... Nxh5 31. g4 Nhf6 32. g5 Nh5 33. Be4 $6 (33. Ba3+ Kg8
34. Be4 {looks like a better option.}) 33... f6 34. Ba3+ Kf7 35. d5 Nc5 36.
Bxc5 $2 ({Better was} 36. dxe6+ Rxe6 $1 (36... Kxe6 {is dangerous after} 37.
Nd4+ Ke5 (37... Ke7 38. Bxa8 Rxa8 39. b4 {gives White excellent compensation.})
38. Bxa8 Rxa8 39. Re1+ $1 {with a clear advantage to White as} Kxd4 {loses to}
40. Bb2+ Kd3 41. Re3+ Kd2 42. Bc3+ Kd1 43. Re1#) 37. Bd5 Nf4 38. Bxc5 bxc5 39.
Bxe6+ Kxe6 40. Nd8+ $1 Kf5 41. gxf6 Kxf6 42. Rd7 Rb8 43. Kc2 g5 44. Nc6 Rb6 45.
Nxa7 Kg6 46. Rxc7 Ne6 47. Rc6 Rxc6 48. Nxc6 Kxh6 $11 {with an equal endgame.})
36... bxc5 37. d6 (37. dxe6+ Kxe6 $17) 37... cxd6 38. Rxd6 fxg5 39. Ne5+ Kf6
40. Ng4+ Ke7 41. Ra6 Nf6 $1 {A strong move that forces a better rook endgame
for Black with excellent winning chances.} ({After} 41... Rad8 42. Ne5 {
White has very strong compensation for the sacrificed material. A spectacular
variation goes} Kf6 43. Ng4+ Kf7 44. Ne5+ Kf8 $2 45. Bxg6 $1 hxg6 $4 46. Rxa7 {
and White is suddenly winning.}) 42. Nxf6 (42. Bxa8 Nxg4 ({After} 42... Rxa8
43. Ne5 Nd7 44. Ng4 {it is very hard for Black to continue despite the two
extra pawns.})) 42... Kxf6 43. Bxa8 Rxa8 44. Rc6 g4 $1 45. Rxc5 g5 46. Ra5 $5 {
White tries to create quick conterplay on the queenside before Black's future
passed pawn on the h-file starts running.} Kg6 47. b4 (47. Kb2 Rf8) (47. Kc2
Rf8 48. Rxa7 Rxf2+ 49. Kc3 g3 50. Ra1 Rf3+ 51. Kb4 Kxh6 52. c5 Kg6 53. c6 h5
54. c7 Rf8 55. Kc5 h4 56. b4 (56. Rg1 Rh8 $19 {[%cal Yh4h3]}) 56... h3 57. b5
h2 58. b6 g2 $19) 47... Rf8 48. Ra2 (48. Rxa7 Rxf2 49. Ra3 Rf3 50. Ra6 g3 51.
Rxe6+ Kh5 52. Re2 Rf2 53. Re3 g2 54. Rg3 Kh4 55. Rxg2 Rxg2 56. c5 Rg4 $19)
48... Kxh6 (48... Rf4 49. Rc2 Kxh6 50. b5 Kg6 51. c5 Rf7 52. c6 Rc7 53. Ra2 h5
54. Kc2 h4 55. Rxa7 Rxa7 56. b6 Ra2+ 57. Kb3 Ra6 58. b7 Rb6+ 59. Ka4 g3 60.
fxg3 hxg3 61. c7 g2 62. c8=Q g1=Q $19) 49. c5 Kg6 50. c6 h5 51. b5 h4 52. Rxa7
h3 53. Re7 (53. Kc2 h2 54. Ra1 Rxf2+ 55. Kb3 g3 56. c7 Rf8 57. Rf1 Rc8 58. b6
g2 $19) 53... Kf6 54. Rh7 Rb8 55. Kc2 Rxb5 56. c7 Rc5+ 57. Kd3 Kg6 58. Re7 Kf6
{A safety move in time trouble.} (58... g3 59. fxg3 h2 60. Rxe6+ Kh5 $19 {
wins more quickly.}) 59. Rh7 Rc6 60. Kd4 Kg6 61. Re7 Kf6 62. Rh7 Rc1 63. Ke3
Kg6 64. Kd2 Rc5 65. Re7 g3 $1 66. fxg3 h2 67. Rxe6+ Kh5 68. Re7 Kg4 69. Rh7
Kxg3 70. Rh5 Rxc7 71. Rxg5+ Kh4 0-1

[Event "SWE-chT 0405"]
[Site "Sweden"]
[Date "2005.03.12"]
[Round "10"]
[White "Hector, Jonny"]
[Black "Berg, Emanuel"]
[Result "0-1"]
[WhiteElo "2516"]
[BlackElo "2529"]
[Annotator "Berg,E"]
[PlyCount "56"]
[EventDate "2004.11.05"]
[EventType "team"]
[EventRounds "11"]
[EventCountry "SWE"]
[SourceTitle "CBM 109"]
[Source "ChessBase"]
[SourceDate "2005.11.14"]
[SourceVersion "1"]
[SourceVersionDate "2005.11.14"]
[SourceQuality "1"]
[WhiteTeam "Limhamn"]
[BlackTeam "Sollentuna"]
[WhiteTeamCountry "SWE"]
[BlackTeamCountry "SWE"]

1. e4 e6 2. d4 d5 3. Nc3 Bb4 4. Nge2 Nc6 {The latest move in fashion. The old
mainline follow} (4... dxe4 5. a3 Be7 {with approximate equality. However it
feels wrong to me to let white out so easy with his pieces. Therefore I would
like to make use of his clumsy placed knight on e2.After} 6. Nxe4 {black has
helped white to develop him self, which is unnecessary, even though the black
position is completely fine here as well.}) 5. a3 Ba5 6. e5 Nge7 7. b4 Bb6 8.
Na4 O-O {I have had this position two times earlier against Hector. I was
doing fine in the opening in both games, but the result were one loss and a
win.} 9. c3 {An improvement compared with our earlier games.} ({When we met in
Excelsior Cup 2004 there followed} 9. Rb1 Nf5 (9... Bd7 {was an interesting
alternative, threatening to win a pawn after ...Bxd4 as the knight on a4 will
be hanging.}) 10. Nxb6 axb6 11. b5 Na5 12. Ng3 c5 13. Nxf5 exf5 14. Be2 (14.
Be3 Qe7 15. dxc5 Qxe5 16. Qd4 Re8) 14... Be6 {with a balanced position.}) ({
In the last years final of the Swedish Team Championship Hector played} 9. b5
$6 {against me, which I made use of by playing} Ba5+ $1 {A very good move.
Black saves his bishop from being exchanged by the white knight. Instead the
knight on a4 gets offside and it takes time for it to return to the game again.
} 10. c3 ({After} 10. Bd2 Bxd2+ 11. Qxd2 Nb8 {black has a good position as
well. ...a7-a6 will come next breaking up the white queenside.}) 10... Nb8 11.
Nc5 a6 12. bxa6 Nxa6 13. Nb3 c5 $1 {Black gives the pair of bishops for
activity! White has a cramped position and is already in big trouble. Later on
I also won the game.} ({By playing} 13... Bb6 {instead black would keep the
bishop, but white will also get enough time to complete his development.}))
9... f6 {An important move. At the moment the Black position is a bit cramped
and it's therefore important to act quickly to get counter play before white
has completed his development.} 10. f4 {I was quite happy about this move
during the game. It's natural that White wants to support his centre to
retrain his space advantage, but positionally seen this move is a mistake. By
playing this move white closes the diagonal for his black squared bishop. In
my opinion the best continuation for white was} (10. exf6 gxf6 11. Bh6 {
when an interesting battle lies ahead.}) 10... Bd7 {A sound development move.
Here the bishop is pointing the knight on a4 and in the same time it's ready
to pass over to the kingside by playing ...Be8-h5. Of course black would like
to keep the tension in the centre as long as possible not to give any extra
squares to the white pieces.} 11. h4 {White is playing extremely tough, which
is also very typical for Hector. The idea is to meet 11.Be8 with h5, but this
move also creates more weaknesses on the white kingside.} Qe8 {Black puts
ional pressure on the a4-knight and in the same time the black queen is
heading for h5 or g6.} 12. h5 {Stops the black counter play with ...Qh5 and ...
Nxd4 does not work at the moment.} Nd8 {A forcing move. White must decide on
if he should exchange the black bishop or not. The "big pawn" on b6 does maybe
not look so threatening at the moment, but it might well come to use in case
of an later opening of the centre.} 13. Nb2 {A wise decision. White want to
make use of black's problem with his bishop on b6. The plan is to put the
knight on d3 where it has good central control. If white only gets enough time
to complete his development he will most probably end up with a better
position.} (13. Nxb6 axb6 {gives black a half open a-file and very nice play
on the light squares.}) 13... Nf7 {Black puts pressure on e5 and soon a piece
sacrifice might well be possible. The other idea is just to continue with ...
Nh6 to make use of the weaknesses in the white camp.} 14. g4 {Another very
ambitious move from white. Taking control of the f5-square and prepares to
meet ...Nh6 with Ng3. However white is still rather undeveloped and sooner
than later the bubble will burst.} fxe5 ({The alternative} 14... a5 {is not
good because of} 15. h6 $1 {with strong counter play.}) 15. fxe5 {It's
remarkable that during the first fifteen moves white has only been playing
with knights and pawns!} a5 ({The Sacrifice by means of} 15... Nxe5 {was a
very interesting alternative.} 16. dxe5 Bf2+ 17. Kd2 Nc6 18. Kc2 ({The main
point is that} 18. Nd3 {doesn't work because of} Nxe5 $1 19. Nxe5 Ba4 {and the
white queen is trapped.}) 18... Nxe5 {Black has excellent compensation for the
sacrificed piece. Two pawns and a dangerous attack on the white king.}) 16. Bf4
$1 {Protects against the sacrifice and in the same time connecting the white
queen and rook, making it possible to answer ...axb4 with axb4.} Bb5 {White is
under strong pressure and must act very correctly not to loose at once.} 17.
Rg1 $4 {The decisive mistake. White puts his rook in the diagonal of the black
bishop which makes it possible for him to win a tempo and thereby the game.} (
17. Ng3 $1 {was necessary. The black position still looks very promising but
its difficult to find anything convincing.}) 17... Nc6 $1 {Black takes another
piece into the game and now threatens with ...Nfxe5 which white is unable to
set up any defence against.} 18. Rg2 {White walks out of the pin with his rook,
but now it's too late. Black finishes the game with a nice combination.} Nfxe5
$1 19. Bxe5 (19. dxe5 {is met by} Bxe2 {followed by ...Rxf4with an extra pawn
and a winning position for black.}) 19... Nxe5 20. dxe5 Rxf1+ $3 21. Kxf1 Qf7+
22. Ke1 Qf3 $1 23. c4 {A last desperate try to avoid getting mated.} ({Trying
to save the rook playing} 23. Rh2 {is simply answered with} Be3 $1 {with soon
mate to follow.} 24. Qb1) (23. Rg1 {doesn't help either. After} Bf2+ 24. Kd2
Be3+ 25. Kc2 Bxe2 26. Qe1 Qe4+ {Black has won back the material with a totally
crushing position.}) 23... Qxg2 24. c5 (24. cxb5 Be3 $19) 24... Rf8 25. Kd2 Rf2
26. Nd3 Bxd3 27. Kxd3 Qf3+ 28. Kd2 d4 $1 (28... d4 29. cxb6 Qc3#) 0-1